000 00552nam a2200181Ia 4500
008 151202s9999||||xx |||||||||||||| ||und||
082 _bPNVM-19354
100 _aभावे पु.भा.
245 _aआदेश विरूध्द अत्रे.
260 _b---
260 _c0
300 _a0
600 _aभावे पु.भा.
630 _aआदेश विरूध्द अत्रे.
700 _aभावे पु.भा.
730 _aआदेश विरूध्द अत्रे.
942 _cBOOK
999 _c1285336
_d1285333